000
00332nam a22001337a 4500
003
SGT
020
_a
9789382597520
082
_a
891.4309
_b
D16G
100
_a
गुप्ता, राजीण
245
_a
द्रोह - काल
260
_b
साहित्य संचय
_c
2016
300
_a
183
942
_2
ddc
_c
BK
999
_c
30178
_d
30178